000 00637cam a22002171 4500
001 274719
005 20180201084504.0
008 721219s1939 nyuabcf 000 0beng
010 _a 39027998
040 _aDLC
_cDLC
_dDLC
041 _aeng
043 _an-us---
080 _a973.7092 SAN
082 0 0 _a973.7092 SAN
_aB
100 1 _a16
101 _aHIS
240 1 0 _aAbraham Lincoln: the war years.
245 0 0 _aAbraham Lincoln;
_cby Carl Sandburg. With 414 half-tones of photographs and 249 cuts of cartoons, letters, documents.
906 _a7
_bcbc
_corignew
_du
_eocip
_f19
_gy-gencatlg
942 _2ddc
_cBK
999 _c41548
_d41548